00740nam a22002050 4500003000500000005001700005008004100022050002500063100001900088245012800107260002900235300002400264500005100288650003300339650004200372650003800414650003900452700002000491700002300511PILC20150824103720.0960831s1971  aHD 2795 b.M668 19711 aMintz, Morton.10aAmerica, Inc. :bwho owns and operates the United States /cby Morton Mintz & Jerry S. Cohen ; introduction by Ralph Nader. aNew York :bDell,c1971. a511 pages ;c20 cm. aIncludes bibliographical references and index. aBig businessxUnited States. aBusiness and politicsxUnited States. aCommercial crimesxUnited States. aIndustry and statexUnited States.1 aCohen, Jerry S. 1aNader, Ralph,eed.